Normal view
MARC view
Entry Topical Term
001 - CONTROL NUMBER
- control field: 627
003 - CONTROL NUMBER IDENTIFIER
- control field: BD-DhUIB
005 - DATE AND TIME OF LATEST TRANSACTION
- control field: 20210605151726.0
008 - FIXED-LENGTH DATA ELEMENTS
- fixed length control field: 210605|| aca||aabn | a|a d
040 ## - CATALOGING SOURCE
- Original cataloging agency: BD-DhUIB
- Transcribing agency: BD-DhUIB
150 ## - HEADING--TOPICAL TERM
- Topical term or geographic name entry element: Executive ability
670 ## - SOURCE DATA FOUND
- Source citation: Work cat.: (BD-DhUIB)0: Botelho, Elena L., author. 625, The CEO next door :
